| 000 | 005070000a22001810004500 | ||
|---|---|---|---|
| 020 | _a0-89107-234-8 | ||
| 041 | 0 | _aENG | |
| 082 | 0 | 4 | _aG 261.8343 B6525b |
| 100 | 1 | _aBloesch, Donald G. (1928-) | |
| 245 | 1 | 0 | _aIts the Bible sexist? Beyond feminism and patriarchalism / Donald G. Bloesch |
| 260 | _aWestchster, ILL., USA : Crossway | ||
| 300 | _a139 Pag | ||
| 001 | 6955 | ||
| 942 | _cBK | ||
| 999 |
_c37196 _d37196 |
||
| 336 |
_atexto _btxt _2rdacontent |
||
| 337 |
_2rdamedia _asin mediación _bn |
||
| 338 |
_2rdacarrier _avolumen _bnc |
||